Born in Pennsylvania Quiz Stats

 Plays Quiz Updated Oct 10, 2014

Also try: Born in New York
Challenge
Share
Tweet
Score 0/25 Timer 05:00
1 Play Today
% Correct
ActorWill Smith
96.2%
ActorBill Cosby
92.3%
MusicianPink
91.5%
MusicianTaylor Swift
86.8%
ActorTina Fey
84.6%
AthleteKobe Bryant
80.5%
ActorKevin Bacon
78.9%
ActorRichard Gere
76.4%
PoliticianJoe Biden
71.1%
ActorBradley Cooper
70.3%
AthleteJoe Montana
62.2%
ArtistAndy Warhol
61.1%
AthleteJoe Namath
59.6%
% Correct
ActorJames Stewart
53.4%
AthleteArnold Palmer
52.5%
AthleteKen Griffey Jr.
51%
AthleteWilt Chamberlain
47.4%
ActorSharon Stone
45.6%
PoliticianRon Paul
40.6%
ActorAmanda Seyfried
39.5%
MusicianPatti LaBelle
31.2%
ActorGene Kelly
28.5%
PoliticianJames Buchanan
28.1%
MusicianBillie Holiday
25.2%
ActorJayne Mansfield
20.9%

You're not logged in!

Compare scores with friends on all Sporcle quizzes.
Join for Free
OR
Log In

You Might Also Like...

Show Comments

Extras

Top Quizzes Today


Score Distribution

Your Account Isn't Verified!

In order to create a playlist on Sporcle, you need to verify the email address you used during registration. Go to your Sporcle Settings to finish the process.

Report this User

Report this user for behavior that violates our Community Guidelines.

Details: